Begraben - wie und wozu?: Zum Roth-Symposium am 7. Juli 1984 in Göttingen

Gespeichert in:  
Bibliographische Detailangaben
1. VerfasserIn: Wöller, Friedrich (Verfasst von)
Medienart: Druck Aufsatz
Sprache:Deutsch
Veröffentlicht: 1985
In: Die deutsche Schule
Jahr: 1985, Band: 77, Heft: 1, Seiten: 67-79
Verfügbarkeit prüfen: HBZ Gateway
Schlagwörter:

MARC

LEADER 00000caa a22000002c 4500
001 1630964557
003 DE-627
005 20220607123649.0
007 tu
008 120404s1985 xx ||||| 00| ||ger c
035 |a (DE-627)1630964557 
035 |a (DE-576)363231501 
035 |a (DE-599)BSZ363231501 
040 |a DE-627  |b ger  |c DE-627  |e rakwb 
041 |a ger 
100 1 |a Wöller, Friedrich  |4 aut 
245 1 0 |a Begraben - wie und wozu?  |b Zum Roth-Symposium am 7. Juli 1984 in Göttingen  |c Friedrich Wöller 
264 1 |c 1985 
336 |a Text  |b txt  |2 rdacontent 
337 |a ohne Hilfsmittel zu benutzen  |b n  |2 rdamedia 
338 |a Band  |b nc  |2 rdacarrier 
773 0 8 |i In  |t Die deutsche Schule  |d Münster : Waxmann, 1897  |g 77(1985), 1, Seite 67-79  |w (DE-627)129475769  |w (DE-600)203369-0  |w (DE-576)014854961  |x 0012-0731  |7 nnas 
773 1 8 |g volume:77  |g year:1985  |g number:1  |g pages:67-79 
951 |a AR 
ELC |b 1 
LOK |0 000 xxxxxcx a22 zn 4500 
LOK |0 001 3281110150 
LOK |0 003 DE-627 
LOK |0 004 1630964557 
LOK |0 005 20260220150101 
LOK |0 008 120404||||||||||||||||ger||||||| 
LOK |0 040   |a DE-21-110  |c DE-627  |d DE-21-110 
LOK |0 689   |a s  |a Begabung 
LOK |0 852   |z Kein Bestand am IfK; Nachweis für KrimDok 
LOK |0 852   |a DE-21-110 
LOK |0 852 1  |m v  |9 00 
LOK |0 935   |a k110 
LOK |0 938   |k v 
LOK |0 939   |a 04-04-12  |b l01 
ORI |a WA-MARC-krimdoka001.raw